000
00339nam a2200145Ia 4500
008
230718s9999 xx 000 0 und d
041
_a
Eng.
082
_a
338.521
_b
AFG-T
100
_a
Afghanig Mesud
245
4
_a
The Sale of Goods Ace of
260
_a
Pakistan
_b
Lahore law times
_c
2003
300
_a
47
650
_a
Law
999
_c
28901
_d
28901